Lessons learned about mentoring (Record no. 71938)

MARC details
000 -CABECERA
campo de control de longitud fija 00577nam a2200217 a 4500
005 - FECHA Y HORA DE LA ÚLTIMA TRANSACCIÓN
campo de control 20210219153238.0
008 - ELEMENTOS DE LONGITUD FIJA--INFORMACIÓN GENERAL
campo de control de longitud fija 991125n 000 0 u
035 ## - NÚMERO DE CONTROL DEL SISTEMA
Número de control de sistema UPN01000085491
100 ## - ASIENTO PRINCIPAL--NOMBRE PERSONAL
Nombre de persona Boice, Robert
222 ## - TÍTULO CLAVE
Título clave NEW DIRECTIONS FOR TEACHING AND LEARNING
245 ## - MENCIÓN DE TÍTULO
Título Lessons learned about mentoring
300 ## - DESCRIPCIÓN FÍSICA
Extensión 51-62
362 ## - FECHAS DE PUBLICACIÓN Y/O DESIGNACIÓN SECUENCIAL
Fecha de publicación y/o designación secuencial No. 50, 1992
505 ## - NOTA DE CONTENIDO CON FORMATO PREESTABLECIDO
Nota de contenido con formato Diciembre 1992
653 0# - TERMINO DE INDIZACION - NO CONTROLADO
Término no controlado DESARROLLO DE LA FACULTAD
653 0# - TERMINO DE INDIZACION - NO CONTROLADO
Término no controlado FACULTAD COLEGIAL
653 0# - TERMINO DE INDIZACION - NO CONTROLADO
Término no controlado MENTOR
653 0# - TERMINO DE INDIZACION - NO CONTROLADO
Término no controlado PROFESORES PRINCIPIANTES
904 ## - ELEMENTOS DE DATOS D LOCAL, LDD (RLIN)
a AC
b 023302
905 ## - TIPO DE MATERIAL
Tipo de material Articulo

No items available.